[Event "Andalucia-ch Seniors 1112"]
[Site "Huelva"]
[Date "2012.04.13"]
[Round "3"]
[White "Montecatine Rios, Ricardo"]
[Black "Subirats Delhom, Juan"]
[Result "1-0"]
[WhiteElo "2321"]
[BlackElo "1625"]
[PlyCount "67"]
[EventDate "2012.04.12"]
[EventType "swiss"]
[EventRounds "6"]
[EventCountry "ESP"]
[SourceTitle "EXT 2013"]
[Source "ChessBase"]
[SourceDate "2012.11.22"]
[SourceVersion "1"]
[SourceVersionDate "2012.11.22"]
[SourceQuality "1"]

1. d4 Nf6 2. c4 g6 3. Nc3 Bg7 4. Bf4 0-0 5. e3 d6 6. h3 Nbd7 7. Nf3 c5 8. Be2 Re8 9. 0-0 a6 10. Bh2 cxd4 11. exd4 b6 12. b4 Bb7 13. Qb3 e5 14. Rad1 Qe7 15. Rfe1 Ne4 16. Nd5 Bxd5 17. cxd5 Ng5 18. dxe5 Nxf3+ 19. Qxf3 Nxe5 20. Qe3 Qb7 21. Bf1 Bf8 22. Bf4 b5 23. Qb3 Rac8 24. a4 Rc7 25. axb5 axb5 26. Rc1 Rec8 27. Rxc7 Rxc7 28. Rc1 Rxc1 29. Bxc1 Qc7 30. Bf4 Nc4 31. Qa2 Kg7 32. Qa6 Qb8 33. Bxc4 bxc4 34. Qxc4 1-0